000
00289nam a2200109Ia 4500
008
180205s9999 xx 000 0 und d
020
_a
9781138190368
100
_a
Marsden, Paul
245
_a
Entrepreneurial journalism /
260
_a
New york :
_b
Routledge
_c
2017
300
_a
vi, 184 pages
999
_c
354929
_d
354929